Greek Football Logo Quiz - Statistics

General Stats
  • This quiz has been taken 75 times
  • The average score is 11 of 14
Answer Stats
Picture Answer % Correct
Olympiacos
94%
Volos NFC
93%
PAOK Salonika
90%
Panathinaikos
88%
Lamia
78%
OFI Crete
76%
Panserraikos FC
76%
Atromitos
75%
Levadiakos
75%
Aris
73%
Panetolikos
70%
Asteras Tripoli
69%
AEK Athens
64%
Athens Kallithea
51%
No matching quizzes found
Score Distribution
Percent of People with Each Score
Percentile by Number Answered
Your Score History
You have not taken this quiz